Normal view
MARC view
- IQBAL-POLITICAL SAGACITY
Entry Topical Term
001 - CONTROL NUMBER
- control field: 75593
003 - CONTROL NUMBER IDENTIFIER
- control field: NUST
005 - DATE AND TIME OF LATEST TRANSACTION
- control field: 20210628205439.0
008 - FIXED-LENGTH DATA ELEMENTS
- fixed length control field: 210628|| aca||aabn | a|a d
040 ## - CATALOGING SOURCE
- Original cataloging agency: NUST
- Transcribing agency: NUST
150 ## - HEADING--TOPICAL TERM
- Topical term or geographic name entry element: IQBAL-POLITICAL SAGACITY
670 ## - SOURCE DATA FOUND
- Source citation: Work cat.: (NUST): Nadeem Shafiq Malik 1000, The political sagacity of iqbal, 1998
